000
00315nam a2200109Ia 4500
008
171204s9999 xx 000 0 und d
245
_a
Fresh Fields and Pastures New:
245
_c
Katina T. Lillios and Michael Chazan
260
_c
2016
650
_x
History
856
_u
http://down.ebook777.com/063/9088903484.pdf
999
_c
345535
_d
345535